| 000 | 00365nam a22001577a 4500 | ||
|---|---|---|---|
| 005 | 20200524110722.0 | ||
| 008 | 200524b xxu||||| |||| 00| 0 eng d | ||
| 041 | _aeng | ||
| 082 | _a340 | ||
| 100 |
_aBARE ACT _95744 |
||
| 245 | _aTHE TRANSFER OF PROPERTY ACT, 1882 | ||
| 260 |
_aDELHI _bPROFESSIONALS BOOK |
||
| 300 | _a67,p | ||
| 650 |
_aLAW _95701 |
||
| 942 | _cBK | ||
| 999 |
_c6493 _d6491 |
||